Levelling-up and Regeneration Bill debate (Record no. 121505)

MARC details
000 -LEADER
fixed length control field 01204nam a22001697a 4500
008 - FIXED-LENGTH DATA ELEMENTS--GENERAL INFORMATION
fixed length control field 160218e20230522xxk||||| ||||o00| 0 eng d
041 ## - LANGUAGE CODE
Language code of text/sound track or separate title eng
245 ## - TITLE STATEMENT
Title Levelling-up and Regeneration Bill debate
Subtitle House of Lords, 22 May 2023
Medium [Electronic resource]
520 ## - ABSTRACT
Abstract Discusses the merits of including the RICS in the Bill with Baroness Hayter of Kentish Town arguing that "Clause 213 should not stand part of the Bill, as it has absolutely no place within this Bill. That is partly because it has nothing to do with levelling up or regeneration, but it is also because it gives the Government the right to interfere in the activities of an independent, non-statutory, standard-setting members’ organisation—indeed, a chartered body.
650 ## - KEYWORDS
Keywords SURVEYING PROFESSION
651 ## - SUBJECT ADDED ENTRY--GEOGRAPHIC NAME
Geographic name United Kingdom
690 ## - BROAD SUBJECT
9 (RLIN) 6277
Broad subject RICS
710 ## - ADDED CORPORATE NAME
Added corporate author Parliament House of Lords
856 ## - ONLINE RESOURCE
Uniform Resource Identifier <a href="https://hansard.parliament.uk/Lords/2023-05-22/debates/2F3D6E1F-BC73-4964-B16A-B12D47BCB6BB/Levelling-UpAndRegenerationBill">https://hansard.parliament.uk/Lords/2023-05-22/debates/2F3D6E1F-BC73-4964-B16A-B12D47BCB6BB/Levelling-UpAndRegenerationBill</a>
Public note Available on Hansard
856 ## - ONLINE RESOURCE
Uniform Resource Identifier <a href="https://www.rics.org/news-insights/rics-comment-house-of-lords-debate-c213-levelling-up-regeneration-bill">https://www.rics.org/news-insights/rics-comment-house-of-lords-debate-c213-levelling-up-regeneration-bill</a>
Public note RICS Comment on Hansard debate
942 ## - ADDED ENTRY ELEMENTS (KOHA)
Suppress in OPAC Do not suppress in OPAC
Holdings
Lost status Damaged status Not for loan Home library Current library Shelving location Date acquired Total Checkouts Full call number Date last seen Price effective from Koha item type
      Virtual Virtual Online 23/05/2023   ONLINE PUBLICATION 23/05/2023 23/05/2023 Online material